Normal view
MARC view
Entry Personal Name
001 - CONTROL NUMBER
- control field: 872447
003 - CONTROL NUMBER IDENTIFIER
- control field: OSt
005 - DATE AND TIME OF LATEST TRANSACTION
- control field: 20260114185629.0
008 - FIXED-LENGTH DATA ELEMENTS
- fixed length control field: 260114|| aca||aabn | a|a d
040 ## - CATALOGING SOURCE
- Original cataloging agency: OSt
- Transcribing agency: OSt
100 ## - HEADING--PERSONAL NAME
- Personal name: George S. Vascik and Mark R. Sadler
670 ## - SOURCE DATA FOUND
- Source citation: Work cat.: (OSt)1471395: George S. Vascik and Mark R. Sadler, The Stab-in-the-Back Myth and the Fall of the Weimar Republic A History in Documents and Visual Sources, 2016
